[Event "Druzynowe Mistrzostwa Polski Juniorow - Ekstraliga 2021"]
[Site "Lublin"]
[Date "1899-12-30"]
[Round "2.18"]
[White "Smietanska, Wiktoria"]
[Black "Sprzeczka, Emilia"]
[Result "1-0"]
[WhiteTitle "CM"]
[BlackTitle "I"]
[WhiteElo "1802"]
[BlackElo "1431"]

1. c4 e5 2. Nc3 Bb4 3. Nd5 Be7 4. Nxe7 Qxe7 5. b3 d6 6. d4 f5 7. Bb2 Nf6 8. g3
c6 9. Bg2 e4 10. e3 d5 11. Qd2 Na6 12. a3 Bd7 13. h4 Qf7 14. Rc1 Rc8 15. Ne2 h6
16. Nf4 g6 17. Qa5 O-O 18. a4 Kg7 19. Ba3 Rfd8 20. Bd6 Be6 21. Be5 c5 22. cxd5
Bxd5 23. Nxd5 Qxd5 24. O-O Re8 25. Rfd1 Rxe5 26. dxe5 Qxe5 27. Qb5 Rc7 28. Rd2
Qe7 29. Rcd1 Nb4 30. Bf1 g5 31. hxg5 hxg5 32. a5 Kg6 33. Qc4 Qh7 34. Rd6 Qg7 35.
Qc3 Rc8 36. Re6 Rf8 37. Qxc5 Nc6 38. a6 Nd8 39. Re7 Nf7 40. axb7 Rh8 41. Qc7 Qh6
42. Bg2 f4 43. exf4 Qh5 44. Rd2 e3 45. Rxe3 Ng4 46. Re6+ Kg7 47. Qc3+ Kh7 48.
Be4+ Kg8 49. Re8# 1-0

[Event "Druzynowe Mistrzostwa Polski Juniorow - Ekstraliga 2021"]
[Site "Lublin"]
[Date "1899-12-30"]
[Round "2.19"]
[White "Teclaf, Pawel"]
[Black "Baum, Jonasz"]
[Result "1-0"]
[WhiteTitle "IM"]
[BlackTitle "IM"]
[WhiteElo "2514"]
[BlackElo "2260"]

1. Nf3 Nf6 2. b3 e6 3. Bb2 b6 4. g3 Bb7 5. Bg2 Be7 6. O-O O-O 7. c4 d5 8. cxd5
exd5 9. e3 Nbd7 10. Nc3 Re8 11. Rc1 Ba6 12. d3 Nc5 13. Ne5 Qd6 14. f4 Ne6 15.
Nxd5 Nxd5 16. Nxf7 Kxf7 17. Qh5+ Kf8 18. Bxd5 Bf6 19. Bxf6 gxf6 20. Rc6 Ng7 21.
Qf7# 1-0

[Event "Druzynowe Mistrzostwa Polski Juniorow - Ekstraliga 2021"]
[Site "Lublin"]
[Date "1899-12-30"]
[Round "2.20"]
[White "Malicka, Maria"]
[Black "Niedbala, Bartlomiej"]
[Result "0-1"]
[WhiteTitle "FM"]
[BlackTitle "FM"]
[WhiteElo "2272"]
[BlackElo "2360"]

1. e4 c5 2. Nf3 d6 3. d4 cxd4 4. Nxd4 Nf6 5. Nc3 a6 6. Bg5 e6 7. f4 Be7 8. Qf3
Qc7 9. O-O-O Nbd7 10. g4 h6 11. Bxf6 Bxf6 12. h4 Nb6 13. g5 Bxd4 14. Rxd4 Qc5
15. Rd2 Bd7 16. Be2 Na4 17. Nxa4 Bxa4 18. g6 O-O 19. b3 Bb5 20. gxf7+ Rxf7 21.
Qg3 Bxe2 22. Rxe2 a5 23. Kb1 a4 24. Rf1 Rc8 25. Qd3 axb3 26. cxb3 Rxf4 27. Ree1
Rxf1 28. Rxf1 Qe5 29. Rd1 Rc6 30. Rd2 Qc5 31. Rd1 Qf2 32. h5 Qc5 33. Qe2 Qe5 34.
Rd2 Rc3 35. Rc2 Rh3 36. Qc4 Kh7 37. Qb4 Rh1+ 38. Rc1 Rh2 39. Rc2 Rxc2 40. Kxc2
Qc5+ 41. Qxc5 dxc5 42. Kd3 g6 43. hxg6+ Kxg6 44. Ke3 e5 45. Kf3 Kg5 0-1

[Event "Druzynowe Mistrzostwa Polski Juniorow - Ekstraliga 2021"]
[Site "Lublin"]
[Date "1899-12-30"]
[Round "2.21"]
[White "Warchol, Kamil"]
[Black "Janeczko, Jakub"]
[Result "1-0"]
[WhiteTitle "CM"]
[BlackTitle "I++"]
[WhiteElo "2126"]
[BlackElo "1918"]

1. e4 c6 2. d4 d5 3. Nd2 dxe4 4. Nxe4 Nf6 5. Nxf6+ exf6 6. c3 Bd6 7. Bd3 O-O 8.
Qc2 Re8+ 9. Ne2 Kh8 10. O-O Qc7 11. Ng3 Be6 12. c4 g6 13. b3 Nd7 14. Bb2 Kg8 15.
Rfe1 Rad8 16. Re2 f5 17. Nf1 Qb8 18. Rae1 Bf8 19. d5 cxd5 20. cxd5 Bxd5 21. Qc3
f6 22. Bc4 Bxc4 23. Qxc4+ Kg7 24. Rxe8 Rxe8 25. Rd1 Ne5 26. Qh4 Bc5 27. b4 Bb6
28. Ne3 Bxe3 29. fxe3 Rd8 30. Bd4 Qd6 31. Rb1 Nc6 32. Bc3 Qe6 33. Qe1 Rd3 34.
b5 Ne5 35. Bd4 Qxa2 36. Rc1 Nc4 37. Qb4 Nxe3 38. Qe7+ Qf7 39. Bxf6+ Kg8 40. Rc8+
1-0

[Event "Druzynowe Mistrzostwa Polski Juniorow - Ekstraliga 2021"]
[Site "Lublin"]
[Date "1899-12-30"]
[Round "2.22"]
[White "Mulawa, Cyprian"]
[Black "Herwy, Jakub"]
[Result "1-0"]
[WhiteTitle "I"]
[BlackTitle "I+"]
[WhiteElo "1989"]
[BlackElo "1907"]

1. e4 c5 2. Nf3 e6 3. d4 cxd4 4. Nxd4 a6 5. c4 Nf6 6. Nc3 Qc7 7. Be2 b6 8. O-O
Bb7 9. f3 d6 10. Be3 Nbd7 11. Qd2 Be7 12. Rfc1 Rc8 13. a4 Qb8 14. a5 bxa5 15.
Rxa5 Bd8 16. Raa1 Bc7 17. Kh1 O-O 18. b4 h5 19. Na4 Rfd8 20. Qe1 Ne5 21. c5 d5
22. c6 Ba8 23. Nc5 dxe4 24. Nxa6 Qa7 25. Nf5 Bb6 26. Bxb6 Qxb6 27. Ne7+ Kh8 28.
Nxc8 Rxc8 29. b5 exf3 30. gxf3 Nd5 31. Qg1 Qd8 32. Qd4 Qf6 33. Ra4 Qf5 34. Qe4
Qf6 35. Nb4 Nf4 36. Nd3 Nfxd3 37. Bxd3 g6 38. Rca1 Bxc6 39. bxc6 Rxc6 40. f4 Nxd3
41. Qxc6 Nf2+ 42. Kg2 Ng4 43. R1a2 Qh4 44. Qc3+ Kh7 45. h3 Nf6 46. Ra7 Kg8 47.
Qc8+ Kg7 48. Rxf7+ Kxf7 49. Ra7+ Nd7 50. Qxd7+ 1-0

[Event "Druzynowe Mistrzostwa Polski Juniorow - Ekstraliga 2021"]
[Site "Lublin"]
[Date "1899-12-30"]
[Round "2.23"]
[White "Adamczyk, Zuzanna"]
[Black "Rejniak, Zuzanna"]
[Result "1-0"]
[WhiteTitle "WCM"]
[BlackTitle "k"]
[WhiteElo "1921"]
[BlackElo "1754"]

1. d4 Nf6 2. c4 g6 3. Nc3 d5 4. Nf3 Bg7 5. Qb3 dxc4 6. Qxc4 O-O 7. e4 c6 8. Be2
b5 9. Qb3 Be6 10. Qc2 b4 11. Na4 Bg4 12. Be3 Nbd7 13. O-O Qa5 14. h3 Bxf3 15.
Bxf3 e5 16. Nc5 exd4 17. Bxd4 Nxc5 18. Bxc5 Rfd8 19. Qc4 Rab8 20. Rad1 Rd7 21.
e5 Nd5 22. Bd6 Rbb7 23. Qxc6 Nb6 24. Bg4 Re7 25. Bc8 Rbd7 26. Bxd7 Rxd7 27. Bc7
Rxd1 28. Rxd1 Bf8 29. Rd8 Qxa2 30. Qe8 Qa1+ 31. Kh2 Qxb2 32. Qxf8# 1-0

[Event "Druzynowe Mistrzostwa Polski Juniorow - Ekstraliga 2021"]
[Site "Lublin"]
[Date "1899-12-30"]
[Round "2.24"]
[White "Pastuszko, Katarzyna"]
[Black "Salamon, Julia"]
[Result "1-0"]
[WhiteTitle "I++"]
[BlackTitle "I+"]
[WhiteElo "1503"]
[BlackElo "1504"]

1. e4 c5 2. Nf3 e6 3. d4 cxd4 4. Nxd4 Nf6 5. Nc3 Nc6 6. Ndb5 Bb4 7. a3 Bxc3+ 8.
Nxc3 d5 9. Bd3 d4 10. Ne2 e5 11. h3 O-O 12. O-O Re8 13. b4 a6 14. Ng3 Be6 15.
f4 h6 16. f5 Bd7 17. Nh5 b5 18. Nxf6+ Qxf6 19. Qh5 g5 20. h4 Ne7 21. hxg5 hxg5
22. Bxg5 Qh8 23. Bh6 Qh7 24. Qg5+ Ng6 25. Rf3 f6 26. Qxg6+ Qxg6 27. fxg6 Re6 28.
Raf1 a5 29. Rxf6 Rxf6 30. Rxf6 axb4 31. g7 Bc6 32. Rf8+ 1-0

[Event "Druzynowe Mistrzostwa Polski Juniorow - Ekstraliga 2021"]
[Site "Lublin"]
[Date "1899-12-30"]
[Round "2.25"]
[White "Owoc, Jakub"]
[Black "Dzida, Kamil"]
[Result "0-1"]
[WhiteTitle "I"]
[BlackTitle "k+"]
[WhiteElo "1758"]
[BlackElo "2204"]

1. d4 Nf6 2. c4 e6 3. Nf3 b6 4. g3 Bb7 5. Bg2 c5 6. d5 exd5 7. cxd5 Bxd5 8. Nc3
Bc6 9. e4 Be7 10. e5 Ne4 11. Nxe4 Bxe4 12. Qa4 Bd3 13. Ng5 Bxg5 14. Bxa8 Na6 15.
Bxg5 Qxa8 16. O-O-O Nb4 17. e6 fxe6 18. Qb3 O-O 19. Rhe1 a5 20. Rd2 a4 21. Qa3
Qd5 22. Kd1 Bc2+ 23. Kc1 Qxg5 24. f4 Qf5 25. Re5 Qxe5 0-1

[Event "Druzynowe Mistrzostwa Polski Juniorow - Ekstraliga 2021"]
[Site "Lublin"]
[Date "1899-12-30"]
[Round "2.26"]
[White "Koziorowicz, Michal"]
[Black "Krupinski, Mikolaj"]
[Result "0-1"]
[WhiteTitle "k+"]
[BlackTitle "I"]
[WhiteElo "2122"]
[BlackElo "1830"]

1. e4 c5 2. Nf3 d6 3. d4 cxd4 4. Nxd4 Nf6 5. Nc3 a6 6. h4 e5 7. Nb3 Be6 8. f4 exf4
9. Bxf4 Be7 10. Be2 Nc6 11. g4 d5 12. e5 Nd7 13. g5 Ndxe5 14. Bxe5 Nxe5 15. Qd4
Qd6 16. O-O-O Rd8 17. Kb1 O-O 18. Rhg1 b5 19. Qe3 Nc4 20. Bxc4 bxc4 21. Nd4 Rb8
22. Ka1 Qb6 23. Rb1 Bc5 24. Rgd1 Rfe8 25. Qf4 Bd6 26. Qf3 Be5 27. Nce2 a5 28.
c3 a4 29. h5 a3 30. b4 cxb3 31. axb3 Qd8 32. Nc6 Qxg5 33. Nxb8 Bg4 34. Qg2 Qxh5
35. Rh1 Qg6 36. Rhc1 Bxe2 37. Qxe2 Qd6 38. Na6 d4 39. Qd3 dxc3 40. Qxd6 Bxd6 41.
b4 h5 42. b5 Re2 43. b6 c2 44. Rb3 Bf4 45. b7 Bxc1 46. b8=Q+ Kh7 47. Qc8 Bb2+
48. Rxb2 c1=Q+ 49. Qxc1 axb2+ 50. Qxb2 Rxb2 51. Kxb2 h4 52. Nc5 f5 53. Kc3 h3
54. Nd3 g5 55. Nf2 g4 56. Kd4 h2 57. Nh1 f4 58. Ke4 g3 59. Kf3 Kg6 60. Kg2 Kg5
61. Kf3 Kf5 62. Kg2 Kg4 63. Nxg3 fxg3 64. Kh1 Kh4 65. Kg2 h1=Q+ 66. Kxh1 Kh3 67.
Kg1 g2 0-1

[Event "Druzynowe Mistrzostwa Polski Juniorow - Ekstraliga 2021"]
[Site "Lublin"]
[Date "1899-12-30"]
[Round "2.27"]
[White "Malek, Jan"]
[Black "Klimkowski, Jan"]
[Result "1-0"]
[WhiteTitle "I++"]
[BlackTitle "FM"]
[WhiteElo "2097"]
[BlackElo "2322"]

1. e4 c5 2. c3 d5 3. exd5 Qxd5 4. d4 Nf6 5. Nf3 Bg4 6. Be2 e6 7. O-O Nc6 8. Be3
cxd4 9. Nxd4 Bxe2 10. Qxe2 Nxd4 11. Bxd4 Be7 12. Rd1 Qf5 13. Nd2 O-O 14. Bxf6
gxf6 15. Nb3 Rad8 16. Nd4 Qe5 17. Qc2 f5 18. Nf3 Qe4 19. Qb3 Bf6 20. Rxd8 Rxd8
21. Rd1 Rxd1+ 22. Qxd1 Kg7 23. g3 b5 24. Kg2 h5 25. Qd6 e5 26. h3 f4 27. g4 hxg4
28. hxg4 Qg6 29. g5 Bxg5 30. Qxg6+ Kxg6 31. Nxe5+ Kf5 32. Nxf7 Be7 33. Kf3 Kf6
34. Nh6 Kg6 35. Ng4 Kf5 36. Nh2 b4 37. Ke2 bxc3 38. bxc3 Ke4 39. f3+ Kd5 40. Kd3
Bf6 41. Ng4 Bg7 42. Nf2 Kc5 43. a4 Kd5 44. Ne4 Be5 45. Nd2 Bc7 46. Nb3 a5 47.
c4+ Ke5 48. Kc3 Bd8 49. Nc5 Bc7 50. Nd3+ Ke6 51. Kd4 Kd7 52. Kd5 Bb8 53. c5 Kc8
54. c6 Kd8 55. Nc5 Kc8 56. Ne6 1-0

[Event "Druzynowe Mistrzostwa Polski Juniorow - Ekstraliga 2021"]
[Site "Lublin"]
[Date "1899-12-30"]
[Round "2.28"]
[White "Rog, Bartlomiej"]
[Black "Wydmanski, Szymon"]
[Result "1-0"]
[WhiteTitle "I++"]
[BlackTitle "I"]
[WhiteElo "1872"]
[BlackElo "1697"]

1. e4 c5 2. Nf3 d6 3. d4 cxd4 4. Nxd4 Nf6 5. Nc3 a6 6. Bc4 e6 7. Bb3 b5 8. f3 Be7
9. Be3 Qc7 10. a3 Bd7 11. Qe2 Nc6 12. O-O-O Na5 13. g4 h6 14. h4 Nc4 15. Bxc4
bxc4 16. g5 Nh5 17. gxh6 Ng3 18. Qg2 Nxh1 19. hxg7 Rg8 20. h5 Nf2 21. Bxf2 Qa5
22. Nf5 exf5 23. h6 Qe5 24. h7 O-O-O 25. Bd4 Qf4+ 26. Kb1 Qh6 27. Rh1 Bh4 28.
h8=Q Rxh8 29. gxh8=Q Rxh8 30. Bxh8 Qxh8 31. Qh2 1-0

[Event "Druzynowe Mistrzostwa Polski Juniorow - Ekstraliga 2021"]
[Site "Lublin"]
[Date "1899-12-30"]
[Round "2.29"]
[White "Dylag, Emilia"]
[Black "Siekanska, Zuzanna"]
[Result "0-1"]
[WhiteTitle "WFM"]
[BlackTitle "I++"]
[WhiteElo "2116"]
[BlackElo "1783"]

1. d4 d5 2. c4 e6 3. Nf3 Nf6 4. g3 c6 5. Qc2 Be7 6. Bg2 O-O 7. Nbd2 b6 8. O-O Bb7
9. e4 Na6 10. e5 Nd7 11. a3 Rc8 12. cxd5 cxd5 13. Qd3 f6 14. exf6 Bxf6 15. Re1
Re8 16. Bh3 Rc6 17. Nf1 e5 18. Bxd7 Qxd7 19. dxe5 Nc5 20. Qd1 Bd8 21. b4 Ne6 22.
Bb2 Rf8 23. Nd4 Ng5 24. f4 Nh3+ 25. Kg2 Rg6 26. f5 Rxf5 27. e6 Rf2+ 28. Kxh3 Rh6+
29. Kg4 Qe8 30. h4 Qg6+ 31. Kh3 Rxh4+ 32. gxh4 Qg2# 0-1

[Event "Druzynowe Mistrzostwa Polski Juniorow - Ekstraliga 2021"]
[Site "Lublin"]
[Date "1899-12-30"]
[Round "2.30"]
[White "Siekanska, Maria"]
[Black "Szopa, Emilia"]
[Result "0-1"]
[WhiteTitle "k"]
[BlackTitle "I++"]
[WhiteElo "1903"]
[BlackElo "1688"]

1. d4 Nf6 2. c4 g6 3. Nc3 Bg7 4. e4 d6 5. Nf3 O-O 6. Be2 e5 7. O-O Nc6 8. d5 Ne7
9. Nd2 c5 10. a3 Ne8 11. b4 b6 12. Qb3 f5 13. a4 Nf6 14. a5 fxe4 15. Ndxe4 Nxe4
16. Nxe4 Nf5 17. Bb2 Bd7 18. Ra2 Qh4 19. Bd3 Ne3 20. g3 Qg4 21. fxe3 Rxf1+ 22.
Bxf1 Qxe4 23. axb6 Rf8 24. Qd3 Bh3 25. bxa7 Qxe3+ 26. Kh1 Qe4+ 27. Kg1 Bh6 0-1

[Event "Druzynowe Mistrzostwa Polski Juniorow - Ekstraliga 2021"]
[Site "Lublin"]
[Date "1899-12-30"]
[Round "3.1"]
[White "Dzida, Kamil"]
[Black "Luczak, Filip"]
[Result "1-0"]
[WhiteTitle "k+"]
[BlackTitle "FM"]
[WhiteElo "2204"]
[BlackElo "2313"]

1. e4 c5 2. Nf3 e6 3. d4 cxd4 4. Nxd4 Nc6 5. Nc3 Qc7 6. Be2 a6 7. O-O Nf6 8. Be3
Be7 9. f4 d6 10. Kh1 O-O 11. Qe1 Nxd4 12. Bxd4 b5 13. a3 Bb7 14. Qg3 Rad8 15.
Bd3 Rd7 16. Rae1 Re8 17. Qh3 e5 18. Be3 Bd8 19. a4 b4 20. Nd5 Nxd5 21. exd5 g6
22. Bb6 Qc8 23. Bxd8 Rdxd8 24. f5 Kh8 25. Qh4 Bxd5 26. fxg6 fxg6 27. Bxg6 Qb7
28. Qf6+ Qg7 29. Qxg7+ Kxg7 30. Bxe8 Rxe8 31. Rd1 Bc6 32. Rxd6 Bxa4 33. Rxa6 Bxc2
34. Ra7+ Kh6 35. h4 Kh5 36. g3 Kg4 37. Kh2 Rd8 38. Rf2 Be4 39. Rg7+ Bg6 40. Re7
Rd5 41. Re2 e4 42. R2xe4+ Bxe4 43. Rxe4+ Kf5 44. Rxb4 Rd2+ 45. Kh3 h5 46. Rb6
Rd5 47. b4 Rd4 48. b5 Rd5 49. Rh6 Ke4 50. b6 Rb5 51. b7 Rxb7 52. Rxh5 Rg7 53.
Ra5 Kf3 54. Rg5 Rf7 55. h5 Re7 56. Rf5+ Ke4 57. g4 Ra7 58. Kh4 Ra8 59. h6 Ra1
60. Kg5 Rh1 61. Ra5 Kf3 62. Ra4 Rb1 63. Kg6 Rb6+ 64. Kh5 Kg3 65. g5 Rb7 66. Ra6
Kf3 67. Kg6 Kf4 68. h7 Rb8 69. Kg7 Rb7+ 70. Kh6 Rb8 71. g6 Ra8 72. Rxa8 1-0

[Event "Druzynowe Mistrzostwa Polski Juniorow - Ekstraliga 2021"]
[Site "Lublin"]
[Date "1899-12-30"]
[Round "3.2"]
[White "Poltorak, Sebastian"]
[Black "Koziorowicz, Michal"]
[Result "0-1"]
[WhiteTitle "k"]
[BlackTitle "k+"]
[WhiteElo "2181"]
[BlackElo "2122"]

1. e4 c5 2. Nc3 a6 3. g3 b5 4. Bg2 Bb7 5. Nge2 e6 6. O-O b4 7. Nb1 Nf6 8. d3 d5
9. Nd2 Be7 10. b3 a5 11. a4 bxa3 12. Bxa3 a4 13. bxa4 Rxa4 14. Nc3 Ra8 15. exd5
exd5 16. Nb3 Nbd7 17. d4 O-O 18. dxc5 Ne5 19. Re1 Nc4 20. c6 Rxa3 21. cxb7 Bb4
22. Qd4 Rxa1 23. Rxa1 Bxc3 24. Qxc3 Qb6 25. Bxd5 Nxd5 26. Qxc4 Qxb7 27. Rd1 Nf6
28. Qd3 h5 29. c4 Ng4 30. Nc5 Qb2 31. Qd4 Qe2 32. Rd2 Qe1+ 33. Kg2 Rb8 34. Qf4
Re8 35. Nb7 Ne3+ 36. fxe3 Qxd2+ 37. Qf2 Qb4 38. Qf3 Rb8 0-1

[Event "Druzynowe Mistrzostwa Polski Juniorow - Ekstraliga 2021"]
[Site "Lublin"]
[Date "1899-12-30"]
[Round "3.3"]
[White "Klimkowski, Jan"]
[Black "Meers, Hubert"]
[Result "1-0"]
[WhiteTitle "FM"]
[BlackTitle "k"]
[WhiteElo "2322"]
[BlackElo "1974"]

1. d4 Nf6 2. Nf3 e6 3. c4 b6 4. g3 Bb7 5. Bg2 Bb4+ 6. Bd2 c5 7. O-O Bxd2 8. Qxd2
cxd4 9. Qxd4 Nc6 10. Qe3 d5 11. Rd1 Qe7 12. Ne5 Nxe5 13. Qxe5 dxc4 14. Qb5+ Kf8
15. Bxb7 Qxb7 16. Qxc4 g6 17. Nc3 Kg7 18. Qd4 Rhe8 19. Qe5 Rac8 20. Rd6 Rc5 21.
Qd4 Rec8 22. Rd1 Rc4 23. Qe5 R8c5 24. Nd5 Qe7 25. Rd7 Qxd7 26. Qxf6+ Kh6 27. Ne3
Qc7 28. f4 Rxf4 29. Qxf4+ Qxf4 30. gxf4 Kg7 31. Rd7 a5 32. Rb7 b5 33. Kf2 e5 34.
f5 e4 35. fxg6 hxg6 36. Rd7 Rc6 37. Rd5 Rb6 38. h4 a4 39. Kg3 b4 40. Ra5 Rd6 41.
Rxa4 Rd2 42. Rxb4 Rxe2 43. Rb3 f5 44. Nd5 Rd2 45. Rb7+ Kh6 46. Nf4 Rd1 47. Rb6
Rg1+ 48. Kf2 Rg4 49. Rxg6+ Rxg6 50. Nxg6 Kxg6 51. a4 f4 52. a5 Kh5 53. a6 e3+
54. Kf3 Kxh4 55. a7 1-0

[Event "Druzynowe Mistrzostwa Polski Juniorow - Ekstraliga 2021"]
[Site "Lublin"]
[Date "1899-12-30"]
[Round "3.4"]
[White "Dziewonski, Dariusz"]
[Black "Rog, Bartlomiej"]
[Result "0-1"]
[WhiteTitle "I++"]
[BlackTitle "I++"]
[WhiteElo "1963"]
[BlackElo "1872"]

1. e4 c5 2. Nf3 d6 3. d4 cxd4 4. Nxd4 Nf6 5. Nc3 a6 6. Be2 Nbd7 7. Be3 e6 8. O-O
b5 9. f3 Bb7 10. a3 Be7 11. Qd2 O-O 12. Rfe1 d5 13. Bd3 e5 14. Nf5 d4 15. Nxd4
exd4 16. Bxd4 Nc5 17. Qf2 Ne6 18. Be3 Qc7 19. Red1 Rfd8 20. Bf1 Bc5 21. Bxc5 Nxc5
22. Qe3 Ncxe4 23. Nxe4 Bxe4 24. c3 Bb7 25. Rac1 Nd5 26. Qf2 Nb6 27. b3 Rxd1 28.
Rxd1 Nd7 29. c4 bxc4 30. Bxc4 Ne5 31. Rc1 Nd3 0-1

[Event "Druzynowe Mistrzostwa Polski Juniorow - Ekstraliga 2021"]
[Site "Lublin"]
[Date "1899-12-30"]
[Round "3.5"]
[White "Siekanska, Zuzanna"]
[Black "Zabrzanska, Weronika"]
[Result "0-1"]
[WhiteTitle "I++"]
[BlackTitle "k"]
[WhiteElo "1783"]
[BlackElo "1976"]

1. d4 Nf6 2. c4 e6 3. Nf3 d5 4. Nc3 Be7 5. cxd5 exd5 6. Bg5 h6 7. Bh4 c6 8. Qc2
O-O 9. e3 Ne4 10. Bxe7 Qxe7 11. Nxe4 dxe4 12. Nd2 Re8 13. Bc4 Nd7 14. a3 a5 15.
Ba2 Nf6 16. Nc4 Be6 17. O-O a4 18. Nb6 Ra5 19. Bxe6 Qxe6 20. Qc4 Qg4 21. d5 Rb5
22. Nxa4 Rxd5 23. Rfc1 b5 24. Qxc6 Rg5 25. g3 bxa4 26. Qxa4 Rh5 27. Rc6 Rd8 28.
Rac1 Qh3 0-1

[Event "Druzynowe Mistrzostwa Polski Juniorow - Ekstraliga 2021"]
[Site "Lublin"]
[Date "1899-12-30"]
[Round "3.6"]
[White "Tokarz, Izabela"]
[Black "Siekanska, Maria"]
[Result "0-1"]
[WhiteTitle "I++"]
[BlackTitle "k"]
[WhiteElo "1621"]
[BlackElo "1903"]

1. d4 Nf6 2. c4 e6 3. Nf3 b6 4. a3 Ba6 5. Qc2 Bb7 6. Nc3 c5 7. e4 cxd4 8. Nxd4
d6 9. Bg5 Be7 10. O-O-O a6 11. Kb1 Qc7 12. f3 Nc6 13. Nxc6 Bxc6 14. Bd3 h6 15.
Bf4 Rc8 16. g4 Nd7 17. Rd2 Ne5 18. Bxe5 dxe5 19. h4 g5 20. hxg5 Bxg5 21. Rf2 O-O
22. Rfh2 Kg7 23. Ne2 b5 24. Ng3 Rfd8 25. cxb5 axb5 26. Qb3 Qa5 27. Nh5+ Kg8 28.
Bc2 Be8 29. Rf2 Qa7 30. Rhf1 b4 31. f4 exf4 32. Nxf4 Bxf4 33. Rxf4 bxa3 34. Qxa3
Qc7 35. R4f2 Ra8 36. Qc3 Qa7 37. b3 Bb5 38. Qb2 Bxf1 39. Rxf1 Rd2 40. Rh1 Rc8
41. Rc1 Qf2 42. b4 Qd4 43. e5 Rb8 44. b5 Qxb2+ 45. Kxb2 Rxb5+ 46. Kc3 Rg2 47.
Kd4 Rxg4+ 0-1

[Event "Druzynowe Mistrzostwa Polski Juniorow - Ekstraliga 2021"]
[Site "Lublin"]
[Date "1899-12-30"]
[Round "3.7"]
[White "Baum, Jonasz"]
[Black "Warchol, Bartosz"]
[Result "1-0"]
[WhiteTitle "IM"]
[BlackTitle "I++"]
[WhiteElo "2260"]
[BlackElo "1965"]

1. d4 d5 2. c4 c6 3. Nf3 Nf6 4. Nc3 dxc4 5. a4 e6 6. g3 c5 7. Bf4 Nc6 8. dxc5 Bxc5
9. Qxd8+ Kxd8 10. Bg2 Ke7 11. O-O Rd8 12. Rac1 Bd7 13. Nd2 Be8 14. Nxc4 Bb4 15.
Na2 Nd5 16. Nxb4 Ncxb4 17. Bd2 Nc6 18. Rfd1 Rac8 19. e4 Ndb4 20. Be3 b6 21. b3
f6 22. f4 Bh5 23. Rxd8 Rxd8 24. a5 Rd1+ 25. Rxd1 Bxd1 26. axb6 axb6 27. Nd2 b5
28. Bf1 Nc2 29. Bc5+ Kd8 30. Bxb5 N6d4 31. Bc4 Kd7 32. Kf2 Kc6 33. Bf8 g6 34.
b4 Bg4 35. Nb3 Nxb3 36. Bxb3 Nd4 37. Bc4 Nb5 38. Be7 Nd6 39. Bxd6 Kxd6 40. Be2
Bh3 41. g4 f5 42. gxf5 gxf5 43. Kg3 Bg4 44. Bxg4 fxg4 45. Kxg4 Kc6 46. f5 Kd5
1-0

[Event "Druzynowe Mistrzostwa Polski Juniorow - Ekstraliga 2021"]
[Site "Lublin"]
[Date "1899-12-30"]
[Round "3.8"]
[White "Krupinski, Mikolaj"]
[Black "Malicka, Maria"]
[Result "0-1"]
[WhiteTitle "I"]
[BlackTitle "FM"]
[WhiteElo "1830"]
[BlackElo "2272"]

1. c4 e5 2. Nc3 Nf6 3. g3 d5 4. cxd5 Nxd5 5. Bg2 Nb6 6. Nf3 Nc6 7. d3 Be7 8. O-O
O-O 9. e3 Bf5 10. d4 exd4 11. Nxd4 Nxd4 12. Qxd4 c6 13. Qxd8 Rfxd8 14. Rd1 Rxd1+
15. Nxd1 Rd8 16. Nc3 Na4 17. Kf1 Nxc3 18. bxc3 Bf6 19. e4 Bxc3 20. Rb1 Be6 21.
Be3 Bxa2 22. Rc1 Bd4 23. Ke2 Kf8 24. Bxd4 Rxd4 25. Ke3 Rb4 26. Rd1 Ke7 27. f4
Rb3+ 28. Kf2 Rb2+ 29. Kf3 Bc4 30. Rd4 Be2+ 31. Ke3 Bg4 32. Rd2 Rxd2 33. Kxd2 Be6
34. e5 f6 35. exf6+ gxf6 36. Bf3 Bd5 37. Be2 a5 38. Kc3 b5 39. g4 b4+ 40. Kb2
a4 41. g5 c5 42. Bd3 Bg8 43. h4 c4 44. Bf5 c3+ 45. Kb1 b3 46. h5 a3 47. g6 a2+
48. Ka1 b2# 0-1

[Event "Druzynowe Mistrzostwa Polski Juniorow - Ekstraliga 2021"]
[Site "Lublin"]
[Date "1899-12-30"]
[Round "3.9"]
[White "Mulawa, Cyprian"]
[Black "Malek, Jan"]
[Result "0-1"]
[WhiteTitle "I"]
[BlackTitle "I++"]
[WhiteElo "1989"]
[BlackElo "2097"]

1. e4 c5 2. Nf3 Nc6 3. Bb5 g6 4. O-O Bg7 5. c3 e5 6. d3 Nge7 7. Be3 d6 8. d4 exd4
9. cxd4 O-O 10. Nc3 Qb6 11. Bxc6 Nxc6 12. Na4 Qc7 13. dxc5 dxc5 14. Bxc5 Rd8 15.
Qb3 Be6 16. Qe3 b5 17. Nc3 b4 18. Nd1 Qa5 19. Rc1 Qxa2 20. Qe2 Rac8 21. Ne3 Qxb2
22. Rc2 Qf6 23. Nd5 Bxd5 24. exd5 b3 25. Rd2 Ne5 26. Bxa7 Nxf3+ 27. Qxf3 Qxf3
28. gxf3 b2 29. Rdd1 Rd7 30. Be3 Rcd8 31. Bb6 Rb8 32. Be3 Rb5 33. d6 Be5 34. f4
Rxd6 35. fxe5 Rxd1 36. Rxd1 b1=Q 37. Rxb1 Rxb1+ 38. Kg2 Kf8 39. Kf3 Ke7 40. Bf4
Ke6 41. Bg3 Kf5 42. Ke3 Rb3+ 43. Kd4 g5 44. Kc5 h5 45. h4 Rxg3 46. fxg3 gxh4 47.
gxh4 Kxe5 0-1

[Event "Druzynowe Mistrzostwa Polski Juniorow - Ekstraliga 2021"]
[Site "Lublin"]
[Date "1899-12-30"]
[Round "3.10"]
[White "Wydmanski, Szymon"]
[Black "Pancewicz, Szymon"]
[Result "1/2-1/2"]
[WhiteTitle "I"]
[BlackTitle "I+"]
[WhiteElo "1697"]
[BlackElo "1872"]

1. c4 e6 2. Nc3 d5 3. e3 Nf6 4. b3 Be7 5. Nf3 O-O 6. Bb2 c5 7. d4 b6 8. Be2 Bb7
9. O-O Nc6 10. dxc5 bxc5 11. cxd5 exd5 12. Rc1 Rc8 13. Na4 Ne4 14. Nd2 Qa5 15.
Nxe4 dxe4 16. Bc4 Qc7 17. Qh5 g6 18. Qh6 Ne5 19. Be2 Rfd8 20. Bd4 Bf8 21. Qh4
Rd5 22. b4 Nd3 23. Bxd3 Rh5 24. Qxh5 gxh5 25. Be2 Bd5 26. Nxc5 Qe7 27. Rfd1 Bxa2
28. Nxe4 Rxc1 29. Nf6+ Qxf6 30. Bxf6 Rxd1+ 31. Bxd1 Bxb4 32. Bxh5 Bb3 33. Kf1
a5 34. Ke2 a4 35. Ba1 Kf8 36. Kd3 Ke7 37. f4 a3 38. Bf3 Ke6 39. g4 f6 40. Be4
h6 41. h4 Kf7 42. g5 fxg5 43. hxg5 hxg5 44. fxg5 Be7 45. g6+ Kg8 46. Bf5 Bd5 47.
e4 Bb3 48. e5 Kg7 49. Kc3 Ba4 50. Kc4 Be8 51. e6+ Bf6 52. Bxf6+ Kxf6 53. Kb3 Bxg6
54. Bxg6 Kxg6 1/2-1/2

[Event "Druzynowe Mistrzostwa Polski Juniorow - Ekstraliga 2021"]
[Site "Lublin"]
[Date "1899-12-30"]
[Round "3.11"]
[White "Rejniak, Zuzanna"]
[Black "Dylag, Emilia"]
[Result "1/2-1/2"]
[WhiteTitle "k"]
[BlackTitle "WFM"]
[WhiteElo "1754"]
[BlackElo "2116"]

1. e4 c5 2. Nf3 d6 3. Bb5+ Nd7 4. Ba4 a6 5. c3 b5 6. Bc2 e5 7. d4 Ngf6 8. O-O Be7
9. a4 Bb7 10. Qe2 O-O 11. Rd1 Qb6 12. Na3 exd4 13. cxd4 Rfe8 14. Be3 c4 15. axb5
axb5 16. e5 Nd5 17. Bf5 Nf8 18. Nc2 Nxe3 19. Nxe3 Rxa1 20. Rxa1 Bxf3 21. Qxf3
Qxd4 22. Qc6 Rd8 23. Qxb5 dxe5 24. Qxc4 g6 25. Bc2 Ne6 26. Rd1 Qxb2 27. Rxd8+
Bxd8 28. g3 Bb6 29. Ng4 Kg7 30. Qe2 Bd4 31. Qd2 Kh8 32. Nh6 f5 33. g4 Qa1+ 34.
Qd1 Qxd1+ 35. Bxd1 f4 36. Nf7+ Kg7 37. Nd6 Ng5 38. Kg2 Bc5 39. h4 f3+ 40. Kf1
Bxd6 41. hxg5 Be7 42. Bxf3 Bxg5 43. Kg2 Kf6 44. Be4 Bf4 45. Kh3 Kg5 46. f3 h5
47. gxh5 Kxh5 48. Bc6 Kg5 49. Be4 Bd2 50. Bd3 Kf4 51. Bxg6 Kxf3 52. Bh7 e4 53.
Bxe4+ Kxe4 1/2-1/2

[Event "Druzynowe Mistrzostwa Polski Juniorow - Ekstraliga 2021"]
[Site "Lublin"]
[Date "1899-12-30"]
[Round "3.12"]
[White "Szopa, Emilia"]
[Black "Pastuszko, Katarzyna"]
[Result "1-0"]
[WhiteTitle "I++"]
[BlackTitle "I++"]
[WhiteElo "1688"]
[BlackElo "1503"]

1. c4 e5 2. Nc3 Nf6 3. g3 Bc5 4. Bg2 Nc6 5. d3 h6 6. e3 d6 7. Nge2 Bf5 8. h3 h5
9. a3 a5 10. d4 exd4 11. Nxd4 Bxd4 12. exd4 Qe7+ 13. Be3 Be4 14. Nxe4 Nxe4 15.
O-O O-O-O 16. Re1 f5 17. b4 axb4 18. axb4 Nxb4 19. Ra8+ Kd7 20. Rxd8+ Kxd8 21.
Bxe4 fxe4 22. Qd2 Qd7 23. Qxb4 Qxh3 24. Bg5+ Kc8 25. Qa4 1-0